[Event "44th Rilton Cup 2014-15"]
[Site "Stockholm SWE"]
[Date "2014.12.28"]
[Round "2.23"]
[White "Wallace, John Paul"]
[Black "Gajic, Mladen"]
[Result "0-1"]
[WhiteTitle "IM"]
[WhiteElo "2404"]
[BlackElo "2210"]
[WhiteFideId "3200957"]
[BlackFideId "1709178"]
[EventDate "2014.12.27"]

1. e4 Nf6 2. e5 Nd5 3. d4 d6 4. c4 Nb6 5. exd6 cxd6 6. Nc3 g6 7. Bd3 Bg7 8. Nge2
Nc6 9. d5 Ne5 10. b3 Nxd3+ 11. Qxd3 O-O 12. Bg5 Nd7 13. O-O a6 14. Rfe1 b5 15.
cxb5 h6 16. Be3 axb5 17. Nd4 b4 18. Nc6 Ne5 19. Nxe5 Bxe5 20. Na4 Bxa1 21. Rxa1
Kh7 22. Qd2 Qa5 23. Bxh6 Re8 24. Be3 Bb7 25. Rd1 e6 26. Nb6 e5 27. h3 Ra6 28.
Nc4 Qb5 29. Bg5 Rc8 30. Ne3 f5 31. f4 e4 32. Kh2 Kg8 33. Qd4 Rxa2 34. Qf6 Qe8
35. Qxd6 Rc3 36. Qb6 Rxb3 37. Nc4 e3 38. Nd6 Rbb2 39. Kg3 Rxg2+ 40. Kh4 Qd7 41.
Qxb7 Qxb7 42. Nxb7 Ra7 43. d6 Rd2 44. Re1 Rxb7 45. Rxe3 Rxd6 46. Be7 Rdd7 47.
Bf6 b3 48. Kg5 b2 49. Bxb2 Rxb2 50. Kxg6 Rg2+ 51. Kxf5 Rf7+ 52. Ke6 Rg6+ 53. Kd5
Rxf4 0-1

[Event "44th Rilton Cup 2014-15"]
[Site "Stockholm SWE"]
[Date "2014.12.28"]
[Round "2.24"]
[White "Adler, Bo"]
[Black "Sagit, Rauan"]
[Result "1/2-1/2"]
[BlackTitle "FM"]
[WhiteElo "2210"]
[BlackElo "2357"]
[WhiteFideId "1702149"]
[BlackFideId "1708376"]
[EventDate "2014.12.27"]

1. d4 f5 2. e4 fxe4 3. Nc3 Nf6 4. Bg5 g6 5. f3 e3 6. Bxe3 Bg7 7. Qd2 d5 8. O-O-O
a6 9. Bh6 O-O 10. h4 Rf7 11. g4 Bxh6 12. Qxh6 Rg7 13. Bd3 Nc6 14. h5 g5 15. Nh3
Qd6 16. Kb1 Nd8 17. Nxg5 Nxg4 18. Bxh7+ Kh8 19. Qxd6 cxd6 20. Bg6 Nf2 21. Nxd5
Nxh1 22. Rxh1 Rb8 23. f4 b5 24. Re1 Rb7 25. Kc1 e6 26. f5 exf5 27. Re8+ Rg8 28.
Re3 Rf8 29. h6 f4 30. Nxf4 Bd7 31. Nd5 Rf1+ 32. Kd2 Rh1 33. h7 Kg7 34. Bd3 Rh2+
35. Kc3 Nc6 36. b4 Rh4 37. Rg3 Rb8 38. Ne6+ Kf7 39. Ng5+ Kg7 40. Ne6+ Kf7 41.
Ng5+ Kg7 42. Ne3 Rh1 43. Ne4+ Kf7 44. Nxd6+ Ke7 45. Ne4 Kf7 46. Ng5+ Kg7 47. d5
Ne5 48. Be4 Rh5 49. Kd4 Kf6 50. Nf3 Nxf3+ 51. Rxf3+ Kg7 52. Rg3+ Kh8 53. c4 bxc4
54. Nxc4 Rh4 55. a3 Bf5 56. Rg8+ Rxg8 57. hxg8=Q+ Kxg8 58. Nd6 Bd7 59. Kc5 Rh3
60. Nc4 Bb5 61. Ne5 Re3 62. Kd4 Rxa3 63. d6 Kf8 64. Kd5 Rb3 65. Ke6 Rxb4 66. d7 1/2-1/2

[Event "44th Rilton Cup 2014-15"]
[Site "Stockholm SWE"]
[Date "2014.12.28"]
[Round "2.25"]
[White "Percivaldi, Martin"]
[Black "Rahul Kumar, Pune"]
[Result "1-0"]
[WhiteTitle "FM"]
[WhiteElo "2319"]
[BlackElo "2169"]
[WhiteFideId "1508148"]
[BlackFideId "5010969"]
[EventDate "2014.12.27"]

1. d4 Nf6 2. c4 g6 3. g3 Bg7 4. Bg2 O-O 5. Nc3 d6 6. Nf3 c6 7. O-O Qa5 8. e4 e5
9. h3 Nbd7 10. Be3 Re8 11. Qc2 exd4 12. Nxd4 Ne5 13. b3 a6 14. Rad1 c5 15. Nde2
Qc7 16. f4 Nc6 17. Qd2 Bf8 18. g4 Qa5 19. e5 Nd7 20. exd6 Nd4 21. Bxd4 cxd4 22.
Qxd4 Bg7 23. Qd2 Rb8 24. Kh1 Qa3 25. Ng3 b5 26. cxb5 axb5 27. Rfe1 Rd8 28. Nd5
Bb7 29. Ne7+ Kf8 30. Bxb7 Rxb7 31. Qd5 Rb6 32. Ne4 Nf6 33. Nxf6 Bxf6 34. Nc6 Rd7
35. Ne5 Bxe5 36. fxe5 Qxa2 37. e6 fxe6 38. Rf1+ Kg7 39. Qe5+ Kh6 40. Qf4+ 1-0

[Event "44th Rilton Cup 2014-15"]
[Site "Stockholm SWE"]
[Date "2014.12.28"]
[Round "2.26"]
[White "Dragicevic, Drazen"]
[Black "Berglind, Axel"]
[Result "0-1"]
[WhiteTitle "FM"]
[WhiteElo "2289"]
[BlackElo "1972"]
[WhiteFideId "1707922"]
[BlackFideId "1720228"]
[EventDate "2014.12.27"]

1. e4 c5 2. Nf3 d6 3. c3 Nf6 4. Be2 Nc6 5. d4 cxd4 6. cxd4 d5 7. e5 Ne4 8. O-O
Bf5 9. Qb3 Qd7 10. Be3 e6 11. Nh4 Be7 12. Nxf5 exf5 13. Bb5 a6 14. Bxc6 bxc6 15.
Rc1 O-O 16. Qa4 Qb7 17. Rc2 Rfc8 18. f3 Ng5 19. Nd2 Ne6 20. Rac1 Qb5 21. Qb3 Ra7
22. g3 Rac7 23. a4 Qxb3 24. Nxb3 Bb4 25. Kf2 g5 26. Ke2 f4 27. Bf2 Kf8 28. Kd3
Ke7 29. g4 Kd7 30. h4 Rb8 31. hxg5 Nxg5 32. Ke2 Ba3 33. bxa3 Rxb3 34. Rc3 Rxc3
35. Rxc3 Rb7 36. Be1 Rb2+ 37. Bd2 Ne6 38. Rd3 Rc2 39. a5 c5 40. dxc5 Kc6 41. Kd1
Rxc5 42. a4 Rc4 43. Rb3 Rxa4 44. Rb6+ Kc5 45. Rb7 Kc4 46. Rxf7 Kd3 47. Rd7 Ra1+
48. Bc1 d4 49. Rd6 Nc5 50. e6 Na4 51. Rxd4+ Kxd4 52. e7 Kd3 53. e8=Q Nc3+ 54.
Ke1 Rxc1+ 55. Kf2 Nd1+ 56. Kg2 Ne3+ 57. Kh2 Ke2 58. Qa8 Kf2 59. Qb7 h6 60. Qb6
Kxf3 61. Qb7+ Kxg4 62. Qxa6 Rc2+ 63. Kg1 Kf3 64. Qb7+ Kg3 65. Qg7+ Ng4 66. Qa1
f3 67. a6 Rg2+ 68. Kf1 Ne3+ 69. Ke1 Re2# 0-1

[Event "44th Rilton Cup 2014-15"]
[Site "Stockholm SWE"]
[Date "2014.12.28"]
[Round "2.27"]
[White "Johansson, Gunnar"]
[Black "Tikkanen, Hans"]
[Result "0-1"]
[BlackTitle "GM"]
[WhiteElo "2231"]
[BlackElo "2551"]
[WhiteFideId "1703501"]
[BlackFideId "1706446"]
[EventDate "2014.12.27"]

1. d4 e6 2. c4 Nf6 3. Nc3 Bb4 4. Qc2 b6 5. e4 c5 6. e5 cxd4 7. a3 Bxc3+ 8. bxc3
Ng8 9. cxd4 Bb7 10. h4 Nc6 11. Nf3 Rc8 12. Qe4 f5 13. Qf4 Na5 14. Nd2 Ba6 15. d5
Ne7 16. Qd4 exd5 17. cxd5 Bxf1 18. Kxf1 Rc5 19. e6 dxe6 20. Qxg7 Rg8 21. Qxh7
Qxd5 22. Qh5+ Kd7 23. Qf3 Rgc8 24. Qxd5+ Nxd5 25. Ke2 Nf4+ 26. Ke3 e5 0-1

[Event "44th Rilton Cup 2014-15"]
[Site "Stockholm SWE"]
[Date "2014.12.28"]
[Round "2.28"]
[White "Szente Varga, Fruzsina"]
[Black "Blomqvist, Erik"]
[Result "0-1"]
[BlackTitle "GM"]
[WhiteElo "2202"]
[BlackElo "2525"]
[WhiteFideId "712264"]
[BlackFideId "1709437"]
[EventDate "2014.12.27"]

1. e4 d6 2. d4 Nf6 3. Nc3 e5 4. Nf3 Nbd7 5. Bc4 Be7 6. O-O O-O 7. Re1 c6 8. a4
exd4 9. Nxd4 Ne5 10. Bf1 Re8 11. h3 Bd7 12. Bf4 Qc7 13. Bh2 Bf8 14. f4 Ng6 15.
Kh1 Rad8 16. Qf3 Bc8 17. Bd3 a6 18. b3 Qa5 19. Nde2 d5 20. e5 Nd7 21. Rf1 Nc5
22. Nd1 Qd2 23. Nf2 Nh4 24. Qg3 Nf5 25. Qf3 Nxd3 26. Qxd3 Qxd3 27. cxd3 Bc5 28.
g4 Nd4 29. Nxd4 Bxd4 30. Rae1 f6 31. Bg3 fxe5 32. fxe5 Rd7 33. Re2 Rde7 34. Rfe1
Bc3 35. Rc1 Bxe5 36. Rce1 Bf6 37. Rxe7 Rxe7 38. Rxe7 Bxe7 39. d4 Bf6 40. Be5
Bxe5 41. dxe5 a5 42. Kg2 Kf7 43. Kf3 g5 44. Ke3 c5 45. Nd3 b6 46. Ne1 d4+ 47.
Kd3 Ba6+ 0-1

[Event "44th Rilton Cup 2014-15"]
[Site "Stockholm SWE"]
[Date "2014.12.28"]
[Round "2.30"]
[White "Orndahl, Markus"]
[Black "Smith, Axel"]
[Result "0-1"]
[BlackTitle "IM"]
[WhiteElo "2188"]
[BlackElo "2479"]
[WhiteFideId "1709135"]
[BlackFideId "1707930"]
[EventDate "2014.12.27"]

1. e4 c5 2. Nc3 g6 3. Bc4 Bg7 4. f4 Nc6 5. Nf3 e6 6. O-O Nge7 7. d3 d5 8. Bb3
O-O 9. a3 Nd4 10. Ba2 b5 11. Nxd4 cxd4 12. Ne2 dxe4 13. dxe4 Qb6 14. Kh1 Bb7 15.
Ng3 Rac8 16. Bd2 Rfd8 17. f5 exf5 18. Bg5 Rd7 19. Qd2 Kh8 20. Rae1 f6 21. exf5
fxg5 22. Be6 Nd5 23. Bxd7 Rd8 24. Qxg5 Bf6 25. Qh6 Bg7 26. Qh3 Ne3 27. Rxe3 dxe3
28. fxg6 Qxg6 29. Bf5 Qh6 30. Qxh6 Bxh6 31. Bd3 Bg7 32. b3 a6 33. Ne2 Bd5 34.
Nf4 Bg8 35. Re1 Re8 36. g3 Bb2 37. a4 bxa4 38. bxa4 a5 39. Rb1 Be5 40. Kg2 Ba2
41. Re1 Bd4 42. Kf3 Rb8 43. Bb5 Rc8 44. Re2 Ba7 45. Bd3 Bf7 46. h4 Rc3 47. Re1
Be8 48. Ke2 Bxa4 49. Ra1 Bxc2 50. Rxa5 Bxd3+ 51. Nxd3 Rc7 52. Ra2 Kg7 53. Nf4
Rd7 54. Nd5 Bc5 55. Nf4 Bb6 56. Rb2 Ba7 57. Kf3 Kf6 58. Rb5 Rd1 59. Nd5+ Ke6 60.
Nf4+ Kd6 61. Rh5 Rf1+ 62. Ke2 Rf2+ 63. Kd3 Rd2+ 64. Kc3 Bd4+ 65. Kc4 Bg7 66.
Rxh7 Rd4+ 67. Kc3 Rxf4+ 68. Rxg7 Re4 69. Rg6+ Ke7 70. Kd3 e2 71. Kxe4 e1=Q+ 72.
Kf4 Qd2+ 73. Kg4 Qd7+ 74. Kf4 Qd4+ 75. Kg5 Qe3+ 76. Kh5 Kf7 77. Rg5 Qe4 78. Kh6
Kf6 79. Kh5 Qe2+ 80. Kh6 Qe8 81. Kh7 Qe7+ 82. Kh6 Qe4 83. Kh5 Kf7 84. Kh6 Qd4
85. Kh5 Ke6 86. Rg6+ Kf5 87. Rg5+ Ke6 88. Rg6+ Ke7 89. Rg5 Kf7 90. Rf5+ Kg7 91.
Rf4 Qd1+ 92. Kg5 Qe2 93. Kf5 Kh6 94. Rg4 Qf3+ 95. Rf4 Qxg3 96. Ke4 Kh5 97. Kf5
Qe3 98. Re4 Qf3+ 99. Rf4 Qd5+ 100. Kf6 Kh6 101. h5 Qg5+ 0-1

[Event "44th Rilton Cup 2014-15"]
[Site "Stockholm SWE"]
[Date "2014.12.28"]
[Round "2.31"]
[White "Thompson, Ian D"]
[Black "Habu, Yoshiharu"]
[Result "1/2-1/2"]
[WhiteTitle "FM"]
[BlackTitle "FM"]
[WhiteElo "2195"]
[BlackElo "2415"]
[WhiteFideId "405205"]
[BlackFideId "7000537"]
[EventDate "2014.12.27"]

1. e4 e5 2. Nf3 Nc6 3. Bb5 a6 4. Ba4 Nf6 5. O-O Be7 6. Re1 b5 7. Bb3 d6 8. c3
O-O 9. h3 Nb8 10. d4 Nbd7 11. Nbd2 Bb7 12. Bc2 Re8 13. Nf1 Bf8 14. Ng3 g6 15. b3
Bg7 16. a4 exd4 17. cxd4 c5 18. axb5 axb5 19. Rxa8 Qxa8 20. d5 c4 21. bxc4 bxc4
22. Be3 Qa5 23. Nd4 Nxd5 24. Ndf5 Nxe3 25. Rxe3 gxf5 26. Nxf5 Qa1 27. Rg3 Qxd1+
28. Bxd1 Bxe4 29. Nxg7 Rb8 30. Nf5+ Kf8 31. Nxd6 Bd3 32. Bg4 Ne5 33. Re3 f6 34.
Bf5 c3 35. Bxd3 Nxd3 36. Rxd3 c2 37. Rc3 Rb1+ 38. Kh2 c1=Q 39. Rxc1 Rxc1 40. g4
Ke7 41. Nf5+ Ke6 42. Kg2 Ke5 43. Ng3 Ra1 44. Kh2 Kf4 45. Kg2 Ra2 46. Nh5+ Ke5
47. Ng3 Kf4 1/2-1/2

[Event "44th Rilton Cup 2014-15"]
[Site "Stockholm SWE"]
[Date "2014.12.28"]
[Round "2.32"]
[White "Ask, Josef"]
[Black "Larsson, Anders"]
[Result "1-0"]
[WhiteElo "2181"]
[BlackElo "2304"]
[WhiteFideId "1704583"]
[BlackFideId "1712128"]
[EventDate "2014.12.27"]

1. e4 e6 2. d4 d5 3. e5 Bd7 4. Nf3 a6 5. h4 Bb5 6. Bxb5+ axb5 7. Qe2 c6 8. Bf4
Nd7 9. O-O Ne7 10. Nbd2 Nf5 11. g3 h6 12. Kg2 Be7 13. Rh1 Nb6 14. b3 Ba3 15.
Rhb1 Bb4 16. Qd3 Ra3 17. c3 Be7 18. Rh1 h5 19. Nf1 Qa8 20. Qc2 b4 21. cxb4 Bxb4
22. Ne3 Nxe3+ 23. fxe3 Nc8 24. Bg5 Qa5 25. Kh3 Ne7 26. Bxe7 Bxe7 27. Rhf1 O-O
28. Rf2 Qd8 29. Rg1 f5 30. exf6 Rxf6 31. Ng5 Rf5 32. Nxe6 Rxf2 33. Qg6 Qf8 34.
Nxf8 Raxa2 35. Qh7+ Kxf8 36. Qh8+ Kf7 37. Qxh5+ Kg8 38. Qe8+ Bf8 39. Qd7 Rf7 40.
Qe6 Rf2 41. Ra1 Rf6 42. Qc8 Re7 43. Re1 Rff7 44. Kg2 Rc7 45. Qd8 Rcd7 46. Qa8 c5
47. dxc5 d4 48. exd4 Rxd4 49. Qc8 Rdd7 50. Re8 1-0

[Event "44th Rilton Cup 2014-15"]
[Site "Stockholm SWE"]
[Date "2014.12.28"]
[Round "2.33"]
[White "Olund, Joar"]
[Black "Naslund, Mikael"]
[Result "1-0"]
[WhiteTitle "FM"]
[BlackTitle "FM"]
[WhiteElo "2291"]
[BlackElo "2150"]
[WhiteFideId "1714848"]
[BlackFideId "1708260"]
[EventDate "2014.12.27"]

1. d4 Nf6 2. Bg5 e6 3. e4 h6 4. Bxf6 Qxf6 5. Nc3 Bb4 6. a3 Bxc3+ 7. bxc3 d6 8.
Bb5+ Bd7 9. Rb1 b6 10. Ne2 d5 11. e5 Qe7 12. Bd3 c5 13. Ng3 c4 14. Be2 Qxa3 15.
Qd2 O-O 16. Nh5 Be8 17. h4 Nd7 18. Nf4 Qe7 19. Bg4 Kh8 20. Rh3 Rg8 21. Bf3 Nf8
22. g4 f6 23. exf6 gxf6 24. Qe3 Qd6 25. g5 a5 26. gxf6 Rg1+ 27. Kd2 Rxb1 28.
Nxe6 Ra7 29. Nf4 Qxf6 30. Nxd5 Qe6 31. Be4 Bc6 32. Rf3 Bxd5 33. Rxf8+ Kg7 34.
Rf4 Bxe4 35. Rxe4 Qg6 36. Re8 Rf7 37. Qe5+ Qf6 38. Qg3+ Qg6 39. Rg8+ Kxg8 40.
Qxg6+ Rg7 41. Qe6+ Kh7 42. d5 Rgg1 43. Qf7+ Kh8 44. Ke3 a4 45. Qe8+ Kh7 46. Qe4+
Kh8 47. Qe8+ Kh7 48. Qf7+ Kh8 49. d6 a3 50. d7 Rbd1 51. Qf8+ Kh7 52. d8=Q Rxd8
53. Qxd8 a2 54. Qd7+ Kg6 55. Qc6+ Kh5 56. Qd5+ Kg6 57. Qg8+ 1-0

[Event "44th Rilton Cup 2014-15"]
[Site "Stockholm SWE"]
[Date "2014.12.28"]
[Round "2.34"]
[White "Mikalsen, Erlend"]
[Black "Gagarin, Vasilij"]
[Result "0-1"]
[BlackTitle "IM"]
[WhiteElo "2164"]
[BlackElo "2289"]
[WhiteFideId "1507338"]
[BlackFideId "4103610"]
[EventDate "2014.12.27"]

1. e4 e5 2. Nf3 Nc6 3. Bb5 a6 4. Bxc6 dxc6 5. O-O f6 6. d4 exd4 7. Nxd4 c5 8.
Nb3 Qxd1 9. Rxd1 Bg4 10. f3 Bd7 11. Bf4 O-O-O 12. Nc3 c4 13. Na5 Bc5+ 14. Kh1 b5
15. Nd5 c6 16. Be3 Bxe3 17. Nxe3 Kc7 18. Rd4 Ne7 19. Rad1 Bc8 20. Rxd8 Rxd8 21.
Rxd8 Kxd8 22. b3 cxb3 23. Nxb3 Kc7 24. g4 Kd6 25. h4 c5 26. Kg2 c4 27. Nd4 Kc5
28. Ne2 Kb4 29. Nd1 Ka3 30. Nc1 b4 31. Kf2 Be6 32. Ke3 Nc6 33. c3 a5 34. g5 b3
35. axb3 cxb3 36. Nd3 Ne5 37. N3b2 Nc4+ 38. Nxc4+ Bxc4 39. Kd4 Be2 0-1

[Event "44th Rilton Cup 2014-15"]
[Site "Stockholm SWE"]
[Date "2014.12.28"]
[Round "2.35"]
[White "Jonsson, Emil"]
[Black "Nielsen, Rogvi Egilstoft"]
[Result "1/2-1/2"]
[WhiteElo "2132"]
[BlackElo "2284"]
[WhiteFideId "1712268"]
[BlackFideId "7200447"]
[EventDate "2014.12.27"]

1. e4 d5 2. exd5 Nf6 3. d4 Bg4 4. Nf3 Qxd5 5. Be2 e6 6. O-O Nc6 7. Be3 O-O-O 8.
c4 Qf5 9. Qb3 Bd6 10. c5 Be7 11. Nc3 h5 12. Rfd1 Bxf3 13. Bxf3 g5 14. Qa4 1/2-1/2

[Event "44th Rilton Cup 2014-15"]
[Site "Stockholm SWE"]
[Date "2014.12.28"]
[Round "2.36"]
[White "Wikner, Arvid"]
[Black "Evertsson, Lennart"]
[Result "1-0"]
[WhiteElo "2281"]
[BlackElo "2130"]
[WhiteFideId "1702262"]
[BlackFideId "1705156"]
[EventDate "2014.12.27"]

1. e4 c5 2. Nf3 e6 3. d4 cxd4 4. Nxd4 a6 5. Qf3 Nc6 6. Be3 Nf6 7. Nxc6 bxc6 8.
Nd2 Qa5 9. Bd3 d5 10. O-O Be7 11. Qg3 O-O 12. Nb3 Qd8 13. e5 Nd7 14. Bh6 g6 15.
Bxf8 Bxf8 16. f4 Bg7 17. h4 a5 18. h5 a4 19. Nd2 Ba6 20. hxg6 hxg6 21. Nf3 Qb6+
22. Qf2 c5 23. Rab1 Qb4 24. Qh4 c4 25. Be2 Qc5+ 26. Kh1 Qe3 27. Rbe1 Qb6 28. Ng5
Nf8 29. Rb1 Qd4 30. Rf3 Rb8 31. Qf2 Qxf2 32. Rxf2 Nd7 33. b4 Bh6 34. Nh3 Bf8 35.
c3 Nc5 36. Bd1 Ne4 37. Rc2 a3 38. Bf3 Nc5 39. Nf2 Kg7 40. g3 Be7 41. Kg2 Na4 42.
g4 f6 43. Re1 fxe5 44. Rxe5 Kf7 45. f5 Bc8 46. fxe6+ Bxe6 47. Bxd5 Bxd5+ 48.
Rxd5 Ke6 49. Ra5 Nb6 50. Re2+ Kd6 51. Ne4+ Kc6 52. Nf6 Kd6 53. g5 1-0

[Event "44th Rilton Cup 2014-15"]
[Site "Stockholm SWE"]
[Date "2014.12.28"]
[Round "2.37"]
[White "Vistisen, Lars"]
[Black "Pettersson, Anders1"]
[Result "0-1"]
[BlackTitle "FM"]
[WhiteElo "2129"]
[BlackElo "2280"]
[WhiteFideId "1404598"]
[BlackFideId "1709771"]
[EventDate "2014.12.27"]

1. e4 c5 2. Nf3 g6 3. d4 cxd4 4. c3 Bg7 5. Bc4 d3 6. Qb3 e6 7. Na3 Ne7 8. Nb5
O-O 9. Bf4 d5 10. Bxd3 Na6 11. Bd6 Re8 12. O-O Bd7 13. Ba3 Bxb5 14. Bxb5 Nc6 15.
Rad1 Nc7 16. Bd3 Rb8 17. Rfe1 Bf8 18. exd5 exd5 19. Bxf8 Rxe1+ 20. Rxe1 Qxf8 21.
h3 Qd6 22. Qa4 Ne6 23. Bb5 a6 24. Bxc6 bxc6 25. Qxa6 Rxb2 26. Ne5 Qc5 27. Re3 d4
28. Qc8+ Kg7 29. cxd4 Qxd4 30. Nf3 Qd1+ 31. Re1 Qc2 32. Rf1 Rxa2 33. Ne5 c5 34.
Qd7 Qf5 35. Nc4 Nd4 36. Qe8 Ne2+ 37. Kh2 Qf4+ 38. g3 Qxc4 39. Qe5+ f6 40. Qe7+
Qf7 41. Qxc5 Qa7 42. Qd6 Nc3 43. Qf4 Nd5 44. Qf3 Ne3 45. Rb1 Rxf2+ 0-1

[Event "44th Rilton Cup 2014-15"]
[Site "Stockholm SWE"]
[Date "2014.12.28"]
[Round "2.38"]
[White "Kvisvik, Brede"]
[Black "Lindbergh, Theodor"]
[Result "1-0"]
[WhiteTitle "FM"]
[WhiteElo "2275"]
[BlackElo "2128"]
[WhiteFideId "1502999"]
[BlackFideId "1716956"]
[EventDate "2014.12.27"]

1. d4 d5 2. c4 e6 3. Nf3 c5 4. cxd5 exd5 5. g3 Nc6 6. Bg2 Nf6 7. O-O Be7 8. Nc3
O-O 9. dxc5 Bxc5 10. Na4 Be7 11. Be3 Bg4 12. Nc5 Bxc5 13. Bxc5 Re8 14. h3 Bh5
15. Rc1 Qd7 16. g4 Bg6 17. Nd4 Rac8 18. Nxc6 Rxc6 19. Be3 h5 20. g5 Ne4 21. Qd4
Ra6 22. a3 Ra4 23. Qd1 b5 24. Qb3 Bf5 25. Bf4 Rc4 26. Qf3 h4 27. Rfd1 g6 28. Be3
Qe6 29. Rxc4 bxc4 30. Qf4 c3 31. Bd4 c2 32. Rc1 f6 33. gxf6 g5 34. Qe3 Rc8 35.
Bxe4 Qxe4 36. Qxg5+ Bg6 37. e3 Kf7 38. Qg4 Qxg4+ 39. hxg4 Rg8 40. f3 a6 41. Kh2
Rb8 42. Kh3 Rb3 43. Kxh4 Rd3 44. Rxc2 1-0

[Event "44th Rilton Cup 2014-15"]
[Site "Stockholm SWE"]
[Date "2014.12.28"]
[Round "2.39"]
[White "Cafaro, Luca"]
[Black "Lissang, Christopher"]
[Result "0-1"]
[WhiteElo "2054"]
[BlackElo "2273"]
[WhiteFideId "859818"]
[BlackFideId "1709615"]
[EventDate "2014.12.27"]

1. e4 c5 2. Nf3 d6 3. d4 cxd4 4. Nxd4 Nf6 5. Nc3 Nc6 6. Be2 e5 7. Nf3 Be7 8. O-O
O-O 9. Re1 h6 10. h3 Be6 11. Bf1 Rc8 12. Nh2 d5 13. exd5 Nxd5 14. Nxd5 Qxd5 15.
Qxd5 Bxd5 16. c3 f5 17. Bb5 e4 18. c4 Be6 19. Bxc6 Rxc6 20. b3 a5 21. f3 a4 22.
fxe4 fxe4 23. Be3 Bh4 24. Red1 Ra8 25. Nf1 Bf6 26. Rab1 axb3 27. axb3 Rcc8 28.
Rd6 Ra6 29. Rbd1 Be5 30. Rxa6 bxa6 31. Nd2 Rd8 32. Kf2 Rd3 33. Ke2 a5 34. Rc1
Bd7 35. c5 Bc6 36. Nc4 Bc7 37. Bd2 Bb5 38. Rc3 Rxc3 39. Bxc3 a4 40. Ke3 axb3 41.
Nd2 Ba4 42. Nxe4 Kf7 43. g4 g6 44. Bb2 Ke6 45. Nc3 Bc6 46. Kd3 g5 47. Nd1 Bg2
48. Ne3 Bxh3 49. Nf5 Bxg4 50. Nxh6 Bf3 51. Kc3 Bd5 52. Ng4 Bf4 53. Kd3 Bf3 54.
Ne3 g4 55. Nc4 Kd5 56. Nd2 Bd1 57. Nf1 Kxc5 58. Nd2 Kd5 59. Nf1 Bc2+ 60. Ke2 Ke4
61. Kf2 Kd3 62. Ke1 g3 0-1

[Event "44th Rilton Cup 2014-15"]
[Site "Stockholm SWE"]
[Date "2014.12.28"]
[Round "2.40"]
[White "Bit-Narva, David"]
[Black "Bergstrom, Rolf"]
[Result "1/2-1/2"]
[BlackTitle "FM"]
[WhiteElo "1996"]
[BlackElo "2262"]
[WhiteFideId "24128856"]
[BlackFideId "1702386"]
[EventDate "2014.12.27"]

1. e4 c5 2. Nf3 e6 3. c3 d5 4. e5 Bd7 5. Na3 Nc6 6. Nc2 Qb6 7. d4 Rc8 8. Bd3
cxd4 9. cxd4 Nb4 10. Nxb4 Bxb4+ 11. Bd2 Bb5 12. Bxb5+ Qxb5 13. Bxb4 Qxb4+ 14.
Qd2 Qb5 15. Rc1 Ne7 16. Rxc8+ Nxc8 17. b3 Ne7 18. Qe2 Qb4+ 19. Qd2 Qb5 20. Qe2
Qa5+ 21. Qd2 Qa6 22. Qe2 Qa5+ 1/2-1/2

[Event "44th Rilton Cup 2014-15"]
[Site "Stockholm SWE"]
[Date "2014.12.28"]
[Round "2.41"]
[White "Svorono, Gabriel"]
[Black "Tomov, Georgi"]
[Result "1/2-1/2"]
[BlackTitle "FM"]
[WhiteElo "1884"]
[BlackElo "2257"]
[WhiteFideId "1715623"]
[BlackFideId "2908964"]
[EventDate "2014.12.27"]

1. e4 e5 2. Nf3 Nc6 3. Bb5 Nf6 4. Nc3 Bd6 5. d4 exd4 6. Nxd4 O-O 7. Bg5 Re8 8.
Qd3 Nxd4 9. Qxd4 Be5 10. Qd3 c6 11. Bc4 Bxc3+ 12. bxc3 d5 13. O-O-O Bg4 14. f3
dxc4 15. Qxd8 Raxd8 16. Bxf6 Rxd1+ 17. Rxd1 gxf6 18. fxg4 Rxe4 19. Rd7 b5 20.
Rxa7 Re2 21. Rc7 Rxg2 22. Rxc6 Rxg4 23. Rxf6 Kg7 24. Rf5 Kg6 25. Rxb5 f5 26. a4
f4 27. Kd1 f3 28. Ke1 Rg2 29. Rc5 Rxh2 30. Rxc4 Rxc2 31. a5 Ra2 32. Rf4 h5 33.
Rxf3 h4 34. Kf1 Kg5 35. Rf2 Rxa5 36. Kg2 Kg4 37. Rb2 Rc5 38. Rb8 Rxc3 39. Rg8+
Kf4 40. Rf8+ Kg4 1/2-1/2

[Event "44th Rilton Cup 2014-15"]
[Site "Stockholm SWE"]
[Date "2014.12.28"]
[Round "2.42"]
[White "Thingstad, Even"]
[Black "Kassani, Sam"]
[Result "1-0"]
[WhiteElo "2243"]
[BlackElo "2086"]
[WhiteFideId "1506439"]
[BlackFideId "1709089"]
[EventDate "2014.12.27"]

1. d4 d5 2. c4 c6 3. Nf3 Nf6 4. Nc3 dxc4 5. a4 Bf5 6. Ne5 Nbd7 7. Nxc4 Nb6 8.
Ne5 a5 9. Bg5 h6 10. Bh4 Nbd5 11. Qb3 Qb6 12. Qxb6 Nxb6 13. f3 Nfd7 14. e4 Bh7
15. Nd3 e6 16. Be2 Bb4 17. O-O O-O 18. Bf2 Rfd8 19. Rfd1 Bf8 20. b3 g5 21. h4
Bg7 22. hxg5 hxg5 23. Rac1 Rac8 24. Be3 Re8 25. Nc5 Rc7 26. Nxd7 Rxd7 27. d5
Nxd5 28. exd5 exd5 29. Bd4 Bf8 30. Kf2 Re6 31. Bd3 Bxd3 32. Rxd3 f5 33. Rh1 Rd8
34. Re3 Rxe3 35. Bxe3 f4 36. Bd4 Kf7 37. Rh7+ Kg6 38. Rxb7 c5 39. Rb6+ Kh5 40.
Bf6 Rd7 41. Ne2 d4 42. g4+ fxg3+ 43. Nxg3+ Kh4 44. Re6 1-0

[Event "44th Rilton Cup 2014-15"]
[Site "Stockholm SWE"]
[Date "2014.12.29"]
[Round "3.1"]
[White "Hammer, Jon Ludvig"]
[Black "Ivanov, Sergey"]
[Result "1/2-1/2"]
[WhiteTitle "GM"]
[BlackTitle "GM"]
[WhiteElo "2640"]
[BlackElo "2559"]
[WhiteFideId "1503707"]
[BlackFideId "4101375"]
[EventDate "2014.12.27"]

1. Nf3 Nf6 2. c4 b6 3. g3 Bb7 4. d4 e6 5. Bg2 g6 6. Nc3 Ne4 7. d5 Nxc3 8. Qd4
Rg8 9. Qxc3 Bg7 10. Qd2 Na6 11. Nd4 Nc5 12. O-O e5 13. Nb5 a6 14. Nc3 a5 15. e4
Qe7 16. b3 f5 17. exf5 gxf5 18. d6 Qxd6 19. Qxd6 cxd6 20. Bxb7 Nxb7 21. Nd5 Kf7
22. Be3 Nc5 23. Nxb6 Ra7 24. Rad1 Ke6 25. Na4 Rc7 26. Nc3 f4 27. Nd5 Rc6 28.
gxf4 a4 29. f5+ Kf7 30. b4 Ne4 31. Rc1 Bh6+ 32. Kh1 Bxe3 33. Nxe3 a3 34. f3 Nf6
35. Rfd1 Rgc8 36. b5 Rc5 37. Rxd6 Rxb5 38. Ng4 Nxg4 39. fxg4 Rb2 40. g5 Rxa2 41.
Rxd7+ Kg8 42. f6 Rb2 43. Rg7+ Kh8 44. g6 hxg6 45. Rc3 Rb1+ 46. Kg2 Rb2+ 47. Kg1
Rb1+ 48. Kf2 Rb2+ 49. Kg1 Rb1+ 50. Kg2 Rb2+ 51. Kg1 1/2-1/2

[Event "44th Rilton Cup 2014-15"]
[Site "Stockholm SWE"]
[Date "2014.12.29"]
[Round "3.2"]
[White "Urkedal, Frode"]
[Black "Romanov, Evgeny"]
[Result "1-0"]
[WhiteTitle "IM"]
[BlackTitle "GM"]
[WhiteElo "2517"]
[BlackElo "2638"]
[WhiteFideId "1506102"]
[BlackFideId "4148843"]
[EventDate "2014.12.27"]

1. d4 g6 2. e4 Bg7 3. Nc3 d6 4. Be3 a6 5. a4 Nf6 6. f3 Nc6 7. Qd2 e5 8. d5 Ne7
9. Rd1 Nh5 10. g4 Nf4 11. Nge2 f5 12. Nxf4 exf4 13. Bd4 Be5 14. h3 h5 15. exf5
hxg4 16. fxg4 gxf5 17. Qd3 fxg4 18. Bxe5 dxe5 19. Qe4 Nf5 20. Kd2 Qf6 21. hxg4
Rxh1 22. Qxh1 Ng3 23. Qh7 Kf8 24. Ne4 Nxe4+ 25. Qxe4 Bxg4 26. Re1 Re8 27. Bd3
Re7 28. Rg1 Bh5 29. Qh1 Bf7 30. Be4 Ke8 31. Kc1 Kd8 32. Qh3 Qb6 33. Rg7 Qb4 34.
Qh1 Be8 35. Qh4 Bxa4 36. Rg8+ Be8 37. Bg6 Kd7 38. c3 Qc5 39. Bf5+ Kd6 40. Qf6+
Kxd5 41. Rg2 Kc4 42. Rd2 Qg1+ 43. Rd1 Qg7 44. Bd3+ Kb3 45. Qf5 Qg2 46. Bc2+ Kc4
47. b3+ Kc5 48. b4+ Kb5 49. Qf6 Bg6 50. Bxg6 Qc6 51. Bd3+ Kb6 52. Qxe7 Qxc3+ 53.
Bc2 Qa1+ 54. Kd2 Qd4+ 55. Bd3 Qb2+ 56. Ke1 Qc3+ 57. Kf1 1-0